01722cam a2200445 a 4500999001700000001001400017005001700031008004100048020003200089035001700121040002500138041000800163044001100171072005000182072004700232080002200279080001900301080001900320245011700339260003600456300001800492500005600510500003400566655003400600655003100634655003700665655003300702655002600735655003300761700004900794700004300843700007400886700007300960700005601033700006201089958001001151958000801161958000701169952010001176 c23932d23932vtls00128949520250926100741.0240322s1997 xo a gr 000 d slo  a8085718367q(brožované) aSNK000241117 aSNKbslocSNKeAACR20 aslo axocSK 7a821.162.4xSlovenská literatúra2konspekt 7a821.162.4-2xSlovenská dráma2konspekt a821.162.4-222011 a(0:82-2)22011 a(082.21)2201100aSlovenská dráma 1996b[zborník divadelných hier]c[zostavil a redakčne pripravil Andrej Maťašík] aBratislavabTália-pressc1997 a191 s.c21 cm aÚdaj o zostavovateľovi prevzatý z frontispice aObsahuje 5 divadelných hier 7aTheatre plays2SNKPHeng92011 7aSelections2SNKPHeng92005 7aslovenské drámy2SNKPH94842 7adivadelné hry2SNKPH92008 7avýbery2SNKPH92003 7aSlovak drama2SNKPHeng948431 aMaťašík, Andrej,d1953-20174com9484412aHolub, Ivan,d1964-tPohreb4aut9484512aScherhaufer, Peter,d1942-1999tKde leží naša bieda?4aut9484612aČičvák, Martin,d1975-tDom, kde sa to robí dobre4aut9484712aOľha, Matúš,d1959-tNeprebudený4aut9484812aKukučín, Martin,d1860-1928tNeprebudený4aut94849 aEUIPO aOND aLX 00102udc40708Da10000b10000d2025-09-26i22288oS1586pS1586r2025-09-26w2025-09-26yOLDO